000 00906nam a2200241 a 4500
001 86384
003 BD-RjUL
005 20260422113708.0
008 260422s2022 ii ||||| |||| 00| 0 ben d
020 _a9788129520111
035 _a(BD-RjUL)86384
040 _aBD-RjUL
_bben
_cBD-RjUL
041 _aben
082 _223
_a891.44109
_bBAC 2022
100 _aবসু, শঙ্করীপ্রসাদ
_9162252
245 1 0 _aচণ্ডীদাস ও বিদ্যাপতি /
_cশঙ্করীপ্রসাদ বসু
250 _a৪র্থ সং.
260 _aকলকাতা :
_bদে'জ পাবলিশিং,
_c২০২২
300 _a৪৫৬ পৃ. ;
_c২২ সেমি.
650 _aবাংলা কবিতা
_xইতিহাস ও সমালোচনা
_9162253
650 _aBengali Poetry
_xHistory and Criticism
_9162254
942 _2ddc
_cBK
999 _c86384
_d86384